Prišli herci, budú hrať!

Bibliographic Details
Main Authors: Podmaková, Dagmar, 1953- (Author), Párnický, Stanislav, 1945-2023 (Author)
Format: Article
Language:Slovak
PhysicalDescription:Fotogr. 1
Subjects:

MARC

LEADER 00000nab a2200000 a 4500
001 vtls000614031
003 SK-MaSNL
005 20260303194031.0
008 040806c1997 xo 0 slo
015 |a SNBRB19rr/mm-uuuuu 
035 |a CL0614170 
040 |a SNKBUCL  |b slo  |c SNKBUCL  |e AACR2 
041 0 |a slo 
044 |a xo  |c SK 
080 |a 792.2  |2 1981 
100 1 |a Podmaková, Dagmar,  |d 1953-  |4 aut  |9 102787 
245 1 0 |a Prišli herci, budú hrať!  |c Dagmar Podmaková 
300 |b Fotogr. 1 
500 |a Réžia Stanislav Párnický 
600 1 7 |a Vostrý, Jaroslav,  |d 1931-  |t Tri v tom  |2 snkbucl  |9 1105874 
610 2 7 |a Divadlo Nová scéna  |2 snkbucl  |9 228251 
655 7 |a recenzie  |2 snkbucl  |9 21907 
655 7 |a články z novín a časopisov  |2 snkbucl  |9 267496 
700 1 |a Párnický, Stanislav,  |d 1945-2023  |4 aut  |9 223649 
773 0 |t Pravda  |g Roč. 7, č. 63 (17. 3. 1997), s. 7 
850 |a Slovenská národná knižnica v Martine  |a MTA001 
852 |a SNK  |b KIS3GCP 
999 |c 2155342  |d 2157272